| 000 | 00372nam a2200145Ia 4500 | ||
|---|---|---|---|
| 008 | 240729s9999 xx 000 0 und d | ||
| 022 | _a2053-9665 | ||
| 245 | 0 | _aExchanges | |
| 260 | _aUnited Kingdom | ||
| 260 | _bUniversity of Warwick | ||
| 650 | _aGeneral Works | ||
| 856 | _uhttps://doaj.org/toc/6aa5096f355d46ce9a3a723dcb3c7a6a | ||
| 942 | _2ddc | ||
| 942 | _cDOAJEJ | ||
| 999 |
_c65787 _d65787 |
||
| 945 |
_a1 _bMadushi Gamage _c1 _dMadushi Gamage |
||